01464nam a2200313Ia 450000500170000000800410001702000140005802000270007202000270009904000530012604100080017906000110018710000230019824500970022125000220031826000600034030000540040050000210045450000550047550504410053054600220097165000180099365000280101165000190103965000220105865000350108065000140111565000210112920211105120637.0130821s2017 xxuao fr 1 eng d z323039898 a9780323287531 (3a.Ed.) a9780323039895 (2a.Ed.) aCo-BoUCMbspacSaul Niño (Modificó)d[Nuevo]00aeng00aWE 1031 aNeumann, Donald A.10aKinesiology of the musculoskeletal systembfoundations for rehabilitationcDonald A. Neumann aTercera edición aSan Luis (Misuri, Estados Unidos)bMosby/Elsevierc2017 axvii, 766 páginasbilustraciones, fotografías aIncluye índice aEn portada: Obra primaria por Elisabeth Roen Kelly aGetting started. -- Basic structure and function of human joints. -- Muscle : the the primary stabilizer and mover of the skeletal system. -- Biomechanical principles. -- Shoulder complex. -- Elbow and forearm. -- Wrist. -- Hand. -- Axial skeleton : osteology and arthrology. -- Axial skeleton : muscle and joint interactions. -- Kinesiology of mastication and ventilation. -- Hip. -- Knee. -- Ankle and foot. -- Kinesiology of walking. aTexto en inglés04aBiomecánica04aCinesiología aplicada04aCinesiología04aMecánica humana04aMovimiento (Sistema locomotor)04aOrtopedia04aSistema muscular